000 00413nam a22001697a 4500
005 20160518123445.0
008 160518b xxu||||| |||| 00| 0 eng d
020 _a978-81-203-1709-3
041 _aeng
082 _b2919
100 _aKaul, Asha
_9282
245 _aEffective Business Communication
260 _aNew Delhi
_bPHI learning Pvt. Ltd.
300 _a172
650 _aManagement
_9241
942 _cBK
999 _c1019
_d1019